| 000 | 00506nam a2200169 i 4500 | ||
|---|---|---|---|
| 001 | 73172 | ||
| 003 | ES-MaACL | ||
| 005 | 20230906171708.0 | ||
| 007 | t| | ||
| 008 | 040906s1919 sp ||||1| spa d | ||
| 100 | 1 |
_aGómez Chaix, Pedro. _957869 |
|
| 245 | 1 | 0 |
_aLabor parlamentaria en octubre-diciembre 1916 / _cPedro Gómez Chaix. |
| 250 | _a2ª ed. | ||
| 260 |
_aMálaga : _b[s.n.], _c1919 ( _fImp. de El Popular) |
||
| 300 |
_a112 p., : _b1 lám. retr. autor ; _c23 cm. |
||
| 852 |
_aES-MaACL _j1634-F-10 |
||
| 999 |
_c73172 _d73172 |
||